Boss d'Undertale - Statistiques

Statistiques générales
  • Ce quiz a été pris 321 fois
  • Le résultat moyen est 9 sur 10
Statistiques - réponses
Par images Réponse % Correct
Sans
100%
Papyrus
99%
Toriel
98%
Undyne
98%
Asgore
97%
Mettatton
97%
Photoshop Flowey
96%
Asriel Dreemmur
92%
Muffet
84%
Mad Dummy
74%
Aucun quiz correspondant
Distribution des résultats
% des personnes avec chaque résultat
Percentile par nombre de réponses
Votre historique - résultats
Vous n’avez pas pris ce quiz